LIBRARY & INFORMATION CENTRE, KCAET, TAVANUR

ONLINE PUBLIC ACCESS CATALOGUE (OPAC)

Normal view MARC view
  • Er. Priya G. Nair (Guide)

Entry Personal Name

Number of records used in: 8

001 - CONTROL NUMBER

  • control field: 3444

003 - CONTROL NUMBER IDENTIFIER

  • control field: OSt

005 - DATE AND TIME OF LATEST TRANSACTION

  • control field: 20180929121849.0

008 - FIXED-LENGTH DATA ELEMENTS

  • fixed length control field: 180929|| aca||aabn | a|a d

040 ## - CATALOGING SOURCE

  • Original cataloging agency: OSt
  • Transcribing agency: OSt

100 ## - HEADING--PERSONAL NAME

  • Personal name: Er. Priya G. Nair (Guide)

670 ## - SOURCE DATA FOUND

  • Source citation: Work cat.: (OSt)15144: LAKSHMI K. G 3441, Effects of tillage on soil hydraulic properties in sandy loam soil
free website counter